Something else to smile about : (Record no. 8655)

MARC details
000 -LEADER
fixed length control field 01500nam a22002297a 4500
001 - CONTROL NUMBER
control field 8655
003 - CONTROL NUMBER IDENTIFIER
control field FISKH
005 - DATE AND TIME OF LATEST TRANSACTION
control field 20251008151649.0
008 - FIXED-LENGTH DATA ELEMENTS--GENERAL INFORMATION
fixed length control field 251008b cb ||||| |||| 00| 0 eng d
020 ## - INTERNATIONAL STANDARD BOOK NUMBER
International Standard Book Number 9788178090214
040 ## - CATALOGING SOURCE
Original cataloging agency FISKH
Language of cataloging eng
Transcribing agency FISKH
Modifying agency FISKH
050 ## - LIBRARY OF CONGRESS CALL NUMBER
Classification number BJ1581.2 .Z535
082 ## - DEWEY DECIMAL CLASSIFICATION NUMBER
Classification number 158
100 ## - MAIN ENTRY--PERSONAL NAME
Personal name Ziglar, Zig
245 ## - TITLE STATEMENT
Title Something else to smile about :
Remainder of title More encouragement and inspiration for life's ups and downs /
Statement of responsibility, etc. Zig Ziglar
260 ## - PUBLICATION, DISTRIBUTION, ETC.
Place of publication, distribution, etc. Mumbai :
Name of publisher, distributor, etc. Magna,
Date of publication, distribution, etc. 1999.
300 ## - PHYSICAL DESCRIPTION
Extent 204 pages :
Other physical details color illustrations ;
Dimensions 21 cm
520 ## - SUMMARY, ETC.
Summary, etc. Humorous anecdotes, poignant encounters, and touching narratives breathe life into lessons on character, leaving a legacy, true greatness, personal integrity, and overcoming adversity. In Something Else to Smile About, Ziglar shares stories of: the country lawyer who won case after case by understanding his opponent's point of view mediocre college athlete's who became legends in the professional ranks a Catholic sister whose "tough love" motivates teh chemically additced to take personal responsibility countless individuals who've learned that failure is an event, not a person Whether you need a morning shot of ambition or a refreshing thought before a good night's sleep, Something Else to Smile About is a daily source of motivation and encouragement you'll turn to again and again and enthusiastically share with others.
650 ## - SUBJECT ADDED ENTRY--TOPICAL TERM
Topical term or geographic name entry element Motivational
Form subdivision Bible Guide
General subdivision Self-help
942 ## - ADDED ENTRY ELEMENTS (KOHA)
Source of classification or shelving scheme Dewey Decimal Classification
Koha item type Books
Suppress in OPAC No
Holdings
Withdrawn status Lost status Source of classification or shelving scheme Damaged status Not for loan Collection Home library Current library Shelving location Date acquired Total Checkouts Full call number Barcode Date last seen Date last checked out Copy number Price effective from Koha item type
    Dewey Decimal Classification     Non-Fiction Footprints International School Library Network Toul Kork Campus Footprints International School Library Network Toul Kork Campus Librarian's Shelf TK 10/08/2025 1 ZIG 158 BJ1581.2 .Z535 2025-4499 01/29/2026 01/06/2026 1 10/08/2025 Books